Регионална библиотека "Любен Каравелов" - Русе

The Tragedy of Julius Caesar (Запис номер 158058)

MARC детайли
000 -Лидер
Контролно поле с фиксирана дължина 00936nam a2200289 c 4500
003 - Код на организацията, давaща контролен номер
Контролно поле BLK
005 - Дата и час на последна редакция
Контролно поле 20180420234421.0
008 - Елементи от данни с фиксирана дължина
fixed length control field 180410b bul|||||r ||||||| ||bul||
010 ## - Наследен системен номер
LC control number KNG00165026000
020 ## - Международен стандартен номер на книга ISBN
Международен стандартен номер на книга ISBN 0-451-52124-2
-- издат.: Signet Classic
040 ## - Източник на каталожния запис
Идентификатор на билиотеката - собственик на записа BLK
041 ## - Код за език
Код за езика на текст/звукозапис или на отделно заглавие Английски
Код за езика КДБФ Английски
080 ## - УДК
Текстов определител УДК Английска литература
УДК код - определител по УДК 821.111
УДК определител -2
УДК - код + определител 821.111-2
100 1# - Редна дума - Автор
Автор Shakespeare, William
Авторска отговорност първи автор
R(LIN) 24252
139 ## - Редно поле
Редна дума Shakespeare, William
Авторски знак Sh - S 53
245 10 - Сведения за заглавието
Заглавие The Tragedy of Julius Caesar
Подзаглавни данни With New Dramatic Criticism and an Updated Bibliography
Редно поле (дума) William Shakespeare.
257 ## - Страна на издаване
Страна на създаване/издаване Великобритания
260 ## - Област на издателските данни
-- New York
Име на издателя, разпространителя и проч. Signet Classic
Година на издаване 1987
300 ## - Физическа характеристика
Страници 255 c.
Размери/Мащаб 18 см
380 ## - Жанр
Жанр Худож. лит.
490 1# - СЕРИИ (Колекции)
Име на серия The Signet Classic Shakespeare Series
852 ## - Местоположение
Форматна сигнатура Цб І 20213
856 4# - Електронен адрес и достъп
Електронен формат pdf - файл
Път до файла /url/
856 4# - Електронен адрес и достъп
Електронен формат pdf - файл
Път до файла /url/
942 ## - АРТИКУЛИ
Вид на библиотечния материал Книги
Скрит в OPAC Не
944 ## - СЪЗДАВАНЕ И РЕДАКЦИЯ на ЗАПИСА
Създаване/Редакция Създаване
Дата на регистрацията/редакция 18.09.2014
Служител, извършил регистрацията/редакцията Пенка_Димитрова
944 ## - СЪЗДАВАНЕ И РЕДАКЦИЯ на ЗАПИСА
Създаване/Редакция Редакция
Дата на регистрацията/редакция 23.09.2014
Служител, извършил регистрацията/редакцията
999 ## - СИСТЕМНИ КОНТРОЛНИ НОМЕРА
Koha biblionumber 158058
Koha biblioitemnumber 158058
Наличности
Код за отписване Код за изгубен артикул Код за повреда Коз за рестрикции Код за отдаване Артикулен № Име на библиотеката - собственик Име на библиотеката, в която се намира в момента Статус (Текущо местоположение) Дата на вписване в системата Местоположение - отдел Цена в лева Инвентарен номер Систематично азбучна сигнатура Баркод Номер на екземпляра Цена в евро Служебна бележка Служебен тип на артикула
  Не е изгубен Не е повреден без рестрикции заемане за дома 264527 Регионална библиотека "Любен Каравелов" Русе Регионална библиотека "Любен Каравелов" Русе ЧЧЗО - англ. ез. - Британски съвет 2014-09-23 ЧЧЗО - англ. ез. - Британски съвет 8.00 120000780955 Цб І 20213 120000780955 1 4.09 Дост: DA Вид: А N: 19 Дата: 23.09.2014 Дата инв: 13.03.2015 Бележки инв: Ч32015 Книги
Vip Innovations Ltd, Rousse, Bulgaria 2025